000 01017nam a2200217Ia 4500
003 Ost
005 20260507075117.0
008 260507s9999||||xx |||||||||||||| ||und||
020 _a7344009957
040 _cfsecg
041 _aara
082 _a5.133
100 _aابراهيم، معن عبد الحميد
_eمؤلف
245 0 _aأساسيات علم الحاسوب :
_bطرق وتطبيقات بلغة بيسك /
_c معن عبد الحميد ابراهيم
260 _aعمان:
_bمؤسسة الوراق للنشر والتوزيع,
_c2000
300 _a249 صفحة؛
_bإيضاحات ؛
_c24 سم
520 _aمقدمة في الحاسوب- الأنظمة العددية- البوابات المنطقية- طرق حل المسائل- عبارات الإدخال والإخراج- جمل التحكم والسيطرة- المنظومات- الروتين الفرعي والدوال
653 _aالحاسوب- علم
653 _aلغات البرمجة- لغة بيسك
942 _cكتاب
999 _c43024
_d43024